01503nam a2200397Ia 4500001001200000003000800012006001900020007001500039008004100054010001700095020004300112020004000155020001800195040002100213035002100234050002400255082001700279100001600296245011400312250001200426260006200438300001100500440004100511504006600552533015200618650002900770650001300799650001600812650002700828650003000855650002900885655002900914710001700943856012600960999001901086ebr10748497CaPaEBRm o u cr cn|||||||||120920s2013 pau sb 001 0 eng d z 2012038309 z9780812244762 (hardcover : alk. paper) z0812244761 (hardcover : alk. paper) z9780812207750 aCaPaEBRcCaPaEBR a(OCoLC)85916083914aKZ7162b.I53 2013eb04a341.4/832231 aInal, Tuba.10aLooting and rape in wartimeh[electronic resource] :blaw and change in international relations /cTuba Inal. a1st ed. aPhiladelphia :bUniversity of Pennsylvania Press,cc2013. a269 p. 0aPennsylvania studies in human rights aIncludes bibliographical references (p. [247]-264) and index. aElectronic reproduction.bPalo Alto, Calif. :cebrary,d2013.nAvailable via World Wide Web.nAccess may be limited to ebrary affiliated libraries. 0aRape as a weapon of war. 0aPillage. 0aWar crimes. 0aWomenxCrimes against. 0aWomen (International law) 0aInternational relations. 7aElectronic books.2local2 aebrary, Inc.40uhttp://site.ebrary.com/lib/rucke/Doc?id=10748497zAn electronic book accessible through the World Wide Web; click to view c113293d113293